Voc. Finance - Statistiques

Statistiques générales
  • Ce quiz a été pris 90 fois
  • Le résultat moyen est 11 sur 49
Statistiques - réponses
Mot en français Traduction % Correct
un compte account
62%
un taux rate
55%
un virement transfer
52%
des fonds funds
46%
un distributeur automatique ATM / cash dispenser
45%
des coûts costs
45%
un actionnaire shareholder / stockholder
45%
des actions shares
42%
une devise currency
40%
des frais fees
40%
un prêt loan
38%
un trimestre quarter
38%
une obligation bond
37%
une comptabilité accounting
35%
banque d'affaires investment bank
34%
emprunter to borrow
32%
un portefeuille wallet
31%
retirer de l'argent to withdraw
29%
un bilan balance sheet
26%
virer to transfer
26%
des dépenses expenses
23%
devoir de l'argent to owe
23%
prêter to lend
22%
un chiffre figure
20%
un prêt immobilier mortgage
20%
un compte d'épargne savings account
18%
rembourser to pay back
18%
une récompense award
17%
un exercice fiscal fiscal year
15%
un découvert bancaire overdraft
14%
s'élever à amount to
12%
remplir un formulaire to fill in a form
12%
un chéquier checkbook
11%
un guichetier teller
11%
faire faillite to go bankrupt / to go out of business
11%
un solde balance
9%
des frais bancaires bank charges
8%
atteindre un seuil de rentabilité break even
8%
un compte courant checking account
8%
une masse salariale payroll
8%
un remboursement repayment
8%
un retrait withdrawal
8%
un billet de note bank note
6%
un guichet window
6%
un guichet, un comptoir counter
5%
un versement remittance
5%
une monnaie charge
2%
une mensualité instalment
2%
rentable worthwhile
2%
Aucun quiz correspondant
Distribution des résultats
% des personnes avec chaque résultat
Percentile par nombre de réponses
Votre historique - résultats
Vous n’avez pas pris ce quiz